| 000 | 00643nam a22002177a 4500 | ||
|---|---|---|---|
| 003 | BUBTL | ||
| 008 | 180529b xxu||||| |||| 00| 0 eng d | ||
| 020 | _a978-81-775-8559-9 | ||
| 082 |
_a515 _bSTC |
||
| 100 |
_91887 _aStrauss, Monty J. |
||
| 245 |
_aCalculus _cMonty J. Strauss/Gerald L. Bradley/Karl J. Smith |
||
| 250 | _a3rd | ||
| 260 |
_aNew Delhi _bPearson _c2007 |
||
| 300 |
_a[xxvii] , 877p . : _b28cm . |
||
| 500 | _aIncludes Index . | ||
| 650 | 0 |
_9124 _aMathematics |
|
| 700 |
_91888 _aMonty J. Strauss/Gerald L. Bradley/Karl J. Smith |
||
| 856 |
_k0 _l0 _yDownload |
||
| 942 |
_2ddc _cBK |
||
| 999 |
_c5733 _d5733 |
||